Statistical methods
Αποθηκεύτηκε σε:
| Κύριος συγγραφέας: | |
|---|---|
| Άλλοι συγγραφείς: | |
| Μορφή: | Βιβλίο |
| Γλώσσα: | English |
| Δημοσίευση: |
Ames :
Iowa State University Press,
1980
|
| Έκδοση: | 7th ed. |
| Θέματα: | |
| Ετικέτες: |
Προσθήκη ετικέτας
Δεν υπάρχουν, Καταχωρήστε ετικέτα πρώτοι!
|
MARC
| LEADER | 00000nam a2200000 i 4500 | ||
|---|---|---|---|
| 001 | 1/88325 | ||
| 008 | 961017s1980 eng d | ||
| 020 | |a 0-8138-1560-6 | ||
| 035 | |l 10006929 | ||
| 040 | |a GR-MY-UA |b gre |e aacr | ||
| 041 | 0 | |a eng | |
| 082 | 0 | |a 519.5 | |
| 100 | 1 | |a Snedecor, George Waddel |d 1881- | |
| 245 | 1 | 0 | |a Statistical methods / |c George W. Snedecor; William G. Cochran |
| 250 | |a 7th ed. | ||
| 260 | |a Ames : |b Iowa State University Press, |c 1980 | ||
| 300 | |a xvi, 507 σ.; |b εικ.; |c 24 εκ. | ||
| 504 | |a Περιέχει βιβλιογραφικές παραπομπές και ευρετήριο | ||
| 650 | 0 | 0 | |a Statistics. |
| 700 | 1 | |a Cochran, William Gemmell |d 1909- | |
| 852 | |a INST |b LESVOS |e 19961017 |h 519.5 SNE |p 005100009010 |q 005100009010 |t BK |y 12 | ||
| 852 | |a INST |b LESVOS |e 20000112 |h 519.5 SNE |p 005100014943 |q 005100014943 |t BK |y 0 | ||
| 909 | |a Λ |b 010472 | ||